logo

Bir Sreshtho Munshi Abdur Rouf Library
Jhenaidah Cadet College

Physics diagrams / (Record no. 8910)

MARC details
000 -LEADER
fixed length control field 00803nam a2200277 a 4500
001 - CONTROL NUMBER
JCCL Control Number 8910
003 - CONTROL NUMBER IDENTIFIER
JCCL marc code BD-JhCC
005 - DATE AND TIME OF LATEST TRANSACTION
control field 20180305173658.0
008 - FIXED-LENGTH DATA ELEMENTS--GENERAL INFORMATION
fixed length control field 180305s1947 enka 001 0 eng d
035 ## - SYSTEM CONTROL NUMBER
system control number (BD-JhCC)8910
040 ## - CATALOGING SOURCE
Original cataloging agency BD-JhCC
Transcribing agency NOC
Modifying agency BD-JhCC
041 ## - LANGUAGE CODE
Language code of Book eng
082 ## - DEWEY DECIMAL CLASSIFICATION NUMBER
Classification number 530
Author mark and Year SWA 1956
100 1# - MAIN ENTRY--PERSONAL NAME
Personal name Swallow, Arthur.
245 10 - TITLE STATEMENT
Title Physics diagrams /
Statement of responsibility, etc by A. Swallow and D.F. Bergin.
260 ## - PUBLICATION, DISTRIBUTION, ETC. (IMPRINT)
Place of publication, distribution, etc London :
Name of publisher, distributor, etc John Murray,
Date of publication, distribution, etc [1947?]
Place of manufacture (Norwich:
Manufacturer Jarrold & Sons)
300 ## - PHYSICAL DESCRIPTION
Pagination 52 p. :
Other physical details ill. ;
Dimensions 25 cm.
500 ## - GENERAL NOTE
General note Title from cover.
500 ## - GENERAL NOTE
General note Includes index.
500 ## - GENERAL NOTE
General note Murray file copy no. 668.
650 #0 - SUBJECT ADDED ENTRY--TOPICAL TERM
Topical term or geographic name as entry element Physics
General subdivision Charts, diagrams, etc.
650 #0 - SUBJECT ADDED ENTRY--TOPICAL TERM
Topical term or geographic name as entry element Physical instruments
General subdivision Charts, diagrams, etc.
700 1# - ADDED ENTRY--PERSONAL NAME
Personal name Bergin, David F.
942 ## - ADDED ENTRY ELEMENTS (KOHA)
Source of classification or shelving scheme Dewey Decimal Classification
Koha item type Books
Holdings
Source of classification or shelving scheme Damaged status Not for loan Home library Current library Shelving location Date of accession Total Checkouts Full call number Barcode Date last seen Copy number Koha item type
Dewey Decimal Classification     JCC Rouf Library JCC Rouf Library General Stacks 03/05/2018   530 SWA 1956 11735 03/05/2018 C-1 Books

JCC Library | Contacts | JCC Home

Last Update on 23 September 2017
Copyright @ 2017-2020 JCC Rouf Library
Rouf Library, Jhenidah Cadet College (JCC), Bangladesh